Fraud 101 : (Record no. 2079)
[ view plain ]
| 000 -LEADER | |
|---|---|
| fixed length control field | nam a22 7a 4500 |
| 005 - DATE AND TIME OF LATEST TRANSACTION | |
| control field | 20170515111027.0 |
| 008 - FIXED-LENGTH DATA ELEMENTS--GENERAL INFORMATION | |
| fixed length control field | 170515b2009 N ||||| |||| 00| 0 eng d |
| 020 ## - INTERNATIONAL STANDARD BOOK NUMBER | |
| International Standard Book Number | 9780470481967 |
| 040 ## - CATALOGING SOURCE | |
| Original cataloging agency | AKMAL |
| 082 ## - DEWEY DECIMAL CLASSIFICATION NUMBER | |
| Classification number | 363.25963 PED |
| 090 ## - LOCALLY ASSIGNED LC-TYPE CALL NUMBER (OCLC); LOCAL CALL NUMBER (RLIN) | |
| Classification number (OCLC) (R) ; Classification number, CALL (RLIN) (NR) | 363.25963 |
| Local cutter number (OCLC) ; Book number/undivided call number, CALL (RLIN) | PED |
| 100 1# - MAIN ENTRY--PERSONAL NAME | |
| Personal name | Pedneault, Stephen |
| Dates associated with a name | 1966- |
| 9 (RLIN) | 4287 |
| 245 10 - TITLE STATEMENT | |
| Title | Fraud 101 : |
| Remainder of title | techniques and strategies for understanding fraud / |
| Statement of responsibility, etc. | Stephen Pedneault |
| 246 3# - VARYING FORM OF TITLE | |
| Title proper/short title | Fraud one hundred one |
| 246 3# - VARYING FORM OF TITLE | |
| Title proper/short title | Fraud one hundred and one |
| 246 3# - VARYING FORM OF TITLE | |
| Title proper/short title | Fraud one oh one |
| 250 ## - EDITION STATEMENT | |
| Edition statement | 3rd ed., Fully rev. |
| 260 ## - PUBLICATION, DISTRIBUTION, ETC. | |
| Place of publication, distribution, etc. | Hoboken, N.J. : |
| Name of publisher, distributor, etc. | John Wiley & Sons, |
| Date of publication, distribution, etc. | c2009 |
| 300 ## - PHYSICAL DESCRIPTION | |
| Extent | xxii, 234 p. : |
| Other physical details | ill. ; |
| Dimensions | 24cm |
| 500 ## - GENERAL NOTE | |
| General note | Previous ed.: Fraud 101 : techniques and strategies for detection / Howard R. Davia. c2005. |
| 504 ## - BIBLIOGRAPHY, ETC. NOTE | |
| Bibliography, etc. note | Includes bibliographical references and index. |
| 505 0# - FORMATTED CONTENTS NOTE | |
| Formatted contents note | The world of fraud -- Why is fraud committed? -- Financial statement fraud schemes -- Employee embezzlements -- Other fraud schemes -- Contract rigging schemes -- Responses to fraud -- The importance of internal controls and internal audit -- Evidence -- Conducting fraud investigations : a practical approach -- Fraud investigation alternatives. |
| 650 #0 - SUBJECT ADDED ENTRY--TOPICAL TERM | |
| Topical term or geographic name entry element | Commercial crimes |
| General subdivision | Investigation |
| Geographic subdivision | United States |
| 9 (RLIN) | 4288 |
| 650 #0 - SUBJECT ADDED ENTRY--TOPICAL TERM | |
| Topical term or geographic name entry element | Fraud investigation |
| Geographic subdivision | United States |
| 9 (RLIN) | 4252 |
| 700 1# - ADDED ENTRY--PERSONAL NAME | |
| Personal name | Davia, Howard R., |
| Dates associated with a name | 1947- |
| 9 (RLIN) | 4289 |
| 942 ## - ADDED ENTRY ELEMENTS (KOHA) | |
| Source of classification or shelving scheme | |
| Koha item type | Book |
| Withdrawn status | Lost status | Source of classification or shelving scheme | Damaged status | Not for loan | Collection code | Home library | Current library | Shelving location | Date acquired | Inventory number | Total Checkouts | Full call number | Barcode | Date last seen | Price effective from | Koha item type |
|---|---|---|---|---|---|---|---|---|---|---|---|---|---|---|---|---|
| NON-FICTION | AKMAL Melaka | AKMAL Melaka | PINJAMAN | 15.05.2017 | 305893 | 363.25963 PED | 201706263 | 15.05.2017 | 15.05.2017 | Book |
